000 00875nam a22002537a 4500
001 117900
003 UA-OsUOA
005 20210726230622.0
007 ta
008 20160623b un ||||| |||| 00| 0 ukr d
040 _aUA-OsUOA
_bukr
_cUA-OsUOA
_dUA-OsUOA
041 _aukr
080 _a821.161.2
090 _a821.161.2
_bС87
100 _aСтрутинський М.
245 _aПри битій дорозі
_bоповіданнє з часів війни
260 _aДжерзи Сіти
_bВидавництво Українського Народного Союза в Америці
_c1922
300 _a305 с.
591 _aРодина Лисиків
650 7 _a82 Література. Літературознавство
_2UDC
942 _cRB
_2udc
955 _a3
999 _c403943
_d403943